Statistics for Top 10 Arsenal goalscorers

Click here to take the quiz!

General Stats

  • This quiz has been taken 28 times
  • The average score is 3 of 10

Answer Stats

Hint Answer % Correct
228Henry
100%
185Wright
88%
132Van Persie
56%
149Radford
8%
178Bastin
4%
139Drake
4%
124Jack
4%
139Brain
0%
137Lishman
0%
125Hulme
0%

Score Distribution

Percentile by Number Answered

Percent of People with Each Score

Your Score History

You have not taken this quiz